000 00642nam a2200205 i 4500
001 113470
003 ES-MaACL
005 20230906185914.0
007 t|
008 061121s1945 cl r ||||1| spa d
100 1 _aPalacios Hurtado, Luis.
_988434
245 1 0 _aTratado general de Gramática inglesa y guía práctica de la conjugación /
_cLuis Palacios Hurtado.
260 _aSantiago de Chile :
_bZig zag,
_c1945.
300 _a529 p. ;
_c19 cm.
490 1 _aConocimientos
650 0 4 _aLengua inglesa-
_xGramática.
_914277
830 0 _aConocimientos
_9233193
852 _aES-MaACL
_j25626
_bR.C-5034
999 _c113470
_d113470